000 00638nam a2200169 a 4500
008 060623s2004 ||||||||||||||||| || u
050 _aISS(05)SR/4
100 _aSeibert, Gerhard
245 1 0 _aSao Tome and principe update
_cby Gerhard Seibert
260 _aPretoria
_bInstitute for Security Studies
_c2004
300 _a17p.
350 _a0.00
490 _aInstitute for Security Studies, situation report
500 _aapril 2004
650 _aOIL FIELDS--SAO TOME
995 _D0.00
_FCBU-MAIN LIBRARY (Kitwe)
_H1
_I0.00
_M1
_UAVAILABLE
_WJun 23, 2006
_ZInternational Publications
999 _c56964
_d56964